000 00525nmm a2200169Ia 4500
008 251105s9999||||xx |||||||||||||||||und||
020 _a9788497429573
041 _aspa
100 _aRichart Marset, Mabel
245 0 _aIdeología y traducción :
_b Por un análisis genético del doblaje
264 _a[Madrid, España] :
_bBiblioteca Nueva,
_c2012
300 _a360 páginas
490 _aBiblioteca otras eutopías
650 _aFilm studies
856 _uhttps://public.digitaliapublishing.com/a/18729
942 _cCF
999 _c90468
_d90468